Wird geladen...
Managing technological change in less advanced developing countries
| 1. Verfasser: | |
|---|---|
| Format: | Printed Book |
| Veröffentlicht: |
Oxford Book Company, New Delhi
1991
|
| Schlagworte: |
| LEADER | 00541nam a2200193 4500 | ||
|---|---|---|---|
| 020 | |||
| 082 | |a 338.9D OCD-M | ||
| 100 | |a OCDE | ||
| 245 | |a Managing technological change in less advanced developing countries | ||
| 250 | |||
| 260 | |a Oxford Book Company, New Delhi |c 1991 | ||
| 300 | |||
| 490 | |||
| 500 | |||
| 590 | |||
| 650 | |a Economic development-- Economic Planning | ||
| 942 | |c BK | ||
| 999 | |c 112892 |d 112892 | ||
| 952 | |0 0 |1 0 |4 0 |6 338_000000000000000_9D_OCDM |7 0 |9 126359 |a ECN |b ECN |l 0 |o 338.9D OCD-M |p ECN09916 |r 2019-09-25 |w 2019-09-25 |y BK | ||